| 000 | 00820nam a22002657a 4500 | ||
|---|---|---|---|
| 001 | 0074 | ||
| 003 | DO-SdBNP | ||
| 005 | 20180302094506.0 | ||
| 007 | 0074 | ||
| 008 | 151208b sp 1973 xxu||||| |||| 00| 0 spa d | ||
| 020 | _a843241838 | ||
| 040 |
_aBPMSU _bspa _cBPMSU |
||
| 092 |
_axxxxxxxx _bxxxxxxxx |
||
| 100 | 1 | 0 | _aPloquin, Geneviéve |
| 245 | 1 | 0 |
_aDe la carretilla al módulo / _cGeneviéve Ploquin ; traducción A. Lupo Canaleta |
| 260 |
_aBarcelona : _bVilamala, _c1973. |
||
| 300 |
_a62 p. : _bil., _c23 cm. |
||
| 490 | 1 | 0 |
_aCómo hacer _v3 |
| 500 | _aCómo representar de manera divertida numerosos medios de transporte que ruedan, flotan o vuelan | ||
| 700 | 1 | 0 |
_aLupo Canaleta, A., _etr. |
| 830 | 0 | 0 |
_aCómo hacer _n3 |
| 942 |
_2ddc _cBK |
||
| 945 | _ainventariado, 2018 / dg | ||
| 956 | _aBrenda Tavárez | ||
| 999 |
_c9049 _d9049 |
||